Music Quiz

Random Music or Billboard Quiz

US Billboard & UK No 1 Artists Of The 80s Quiz Stats

 Plays Quiz not verified by Sporcle

Challenge
Share
Tweet
Embed
Score 0/46 Timer 08:00
1 Play Today
Artist % Correct
Madonna
86.9%
Michael Jackson
83.2%
Duran Duran
72.5%
Wham!
71.9%
Aretha Franklin & George Michael
65.8%
George Michael
65.1%
Paul McCartney
64.5%
U2
63.4%
Police
58%
Whitney Houston
58%
Phil Collins
57.9%
David Bowie
56.9%
Culture Club
56%
a-ha
51.4%
Stevie Wonder
51.2%
Lionel Richie
51%
John Lennon
50.8%
Billy Joel
47.3%
Human League
46.8%
Blondie
45.5%
Diana Ross
45.5%
Men at Work
42.1%
Eurythmics
40.7%
Artist % Correct
USA for Africa
40.3%
Pet Shop Boys
39.4%
Dexy's Midnight Runners
38.3%
Rick Astley
37.9%
New Kids on the Block
37.7%
Foreigner
37.2%
Tiffany
36.8%
Bangles
36.6%
Kenny Rogers
34.9%
UB40
34.8%
Simple Minds
34.6%
Survivor
32.3%
Berlin
30.5%
Irene Cara
30.1%
Billy Ocean
29.9%
Paul Young
29.9%
Barbra Streisand
29.4%
Bonnie Tyler
28.8%
Starship
27.4%
Belinda Carlisle
26.6%
Falco
25.7%
KC and the Sunshine Band
24.2%
Los Lobos
17.7%

You're not logged in!

Compare scores with friends on all Sporcle quizzes.
Join for Free
OR
Log In

You Might Also Like...

Show Comments

Extras

Top Quizzes Today


Score Distribution

Your Account Isn't Verified!

In order to create a playlist on Sporcle, you need to verify the email address you used during registration. Go to your Sporcle Settings to finish the process.

Report this User

Report this user for behavior that violates our Community Guidelines.

Details: